What think ye of Christ? (Record no. 12023)

000 -LEADER
fixed length control field 00544nam a2200181 a 4500
001 - CONTROL NUMBER
control field :::00009825$&:&@@
003 - CONTROL NUMBER IDENTIFIER
control field OkBaRHE
005 - DATE AND TIME OF LATEST TRANSACTION
control field 20000607103353.0
008 - FIXED-LENGTH DATA ELEMENTS--GENERAL INFORMATION
fixed length control field j 000 0 eng u
040 ## - CATALOGING SOURCE
Transcribing agency
100 1# - MAIN ENTRY--PERSONAL NAME
Personal name Hall, Milford.
245 10 - TITLE STATEMENT
Title What think ye of Christ?
260 ## - PUBLICATION, DISTRIBUTION, ETC. (IMPRINT)
Place of publication, distribution, etc Elon College, NC., :
Name of publisher, distributor, etc Primitive Baptist Pub. House
Date of publication, distribution, etc nd
300 ## - PHYSICAL DESCRIPTION
Extent 64 p. ;
Dimensions 22 cm.
650 ## - SUBJECT ADDED ENTRY--TOPICAL TERM
Topical term or geographic name as entry element Sermons, American
942 ## - ADDED ENTRY ELEMENTS (KOHA)
Source of classification or shelving scheme
Koha item type Books
Copies
Date acquired Koha item type Damaged status Date last seen Full call number Source of classification or shelving scheme Shelving location Withdrawn status Barcode Not for loan Copy number Lost status Price effective from Permanent Location
2010-04-14Books 2010-04-14BV 4241 .H289 General Stacks 9825 1 2010-04-14RHEMA Bible Training College